|
|
|
|
| LEADER |
00000nas a2200000 a 4500 |
| 001 |
ssj0006349 |
| 003 |
WaSeSS |
| 005 |
20200512172242.0 |
| 006 |
m d |
| 007 |
cr n |
| 008 |
830425d19832003nyuqr p s 0 a0eng c |
| 010 |
|
|
|a 83646359
|z sn 83007557
|
| 015 |
|
|
|a 01657382X
|2 dnb
|
| 016 |
7 |
|
|a 01657382X
|2 DE-101
|
| 016 |
7 |
|
|a 1128170-4
|2 DE-600
|
| 016 |
7 |
|
|a 101090885
|2 DNLM
|
| 022 |
|
|
|l 0737-6650
|y 0737-6650
|
| 035 |
|
|
|a (WaSeSS)ssj0006349
|
| 037 |
|
|
|b Institute of Asian Studies, Sun Yat Sen Hall, St. John's University, Jamaica, NY, 11439
|
| 040 |
|
|
|a NSD
|b eng
|c NSD
|d DLC
|d NSD
|d NST
|d DLC
|d NST
|d HUL
|d NST
|d HUL
|d NST
|d SYS
|d NLM
|d EBZ
|d GUA
|d WAU
|d OCL
|d U9S
|d OCLCQ
|d GBVCP
|d OCLCQ
|d OCLCF
|d WaSeSS
|
| 042 |
|
|
|a nsdp
|a pcc
|
| 043 |
|
|
|a ae-----
|
| 050 |
0 |
0 |
|a DS701
|b .A35
|
| 082 |
0 |
4 |
|a 950/.05
|2 19
|
| 210 |
0 |
|
|a Am. Asian rev.
|
| 222 |
|
4 |
|a The American Asian review
|
| 245 |
0 |
4 |
|a The American Asian review
|h [electronic resource].
|
| 246 |
1 |
3 |
|a AAR
|
| 260 |
|
|
|a Queens, N.Y. :
|b Institute of Asian Studies, St. John's University,
|c ©1983-©2003.
|
| 310 |
|
|
|a Quarterly
|
| 362 |
0 |
|
|a Vol. 1, no. 1 (spring 1983)-v. 21, no. 4 (winter 2003).
|
| 506 |
|
|
|a License restrictions may limit access.
|
| 515 |
|
|
|a Vol. 1, no. 1 also called: Inaugural issue.
|
| 651 |
|
0 |
|a East Asia
|v Periodicals.
|
| 651 |
|
6 |
|a Extrême-Orient
|v Périodiques.
|
| 651 |
|
7 |
|a East Asia.
|2 fast
|0 (OCoLC)fst01243628
|
| 655 |
|
0 |
|a Electronic journals.
|
| 710 |
2 |
|
|a St. John's University (New York, N.Y.).
|b Institute of Asian Studies.
|
| 850 |
|
|
|a AzU
|a CLSU
|a CSt
|a CU-S
|a CoFS
|a CoU
|a CtY
|a DGW
|a DLC
|a GEU
|a ICU
|a InU
|a MH
|a MH-HY
|a MdU
|a MiU
|a MnU
|a NCH
|a NN
|a NNC
|a NRU
|a NcU
|a NjP
|a OU
|a OrU
|a RPB
|a TxCM
|a ULA
|a ViW
|a WaU
|
| 853 |
0 |
0 |
|8 1
|a v.
|b no.
|i (year)
|j (season)
|
| 856 |
4 |
0 |
|z Full text available from Research Library: 01/01/1998 to 12/31/2003
|u https://search.proquest.com/publication/34078
|
| 863 |
4 |
0 |
|8 1
|a <1>-
|i <1983>-
|x provisional
|